[Event "Festival de la Juventud U16 Girls"]
[Site "Hermosillo"]
[Date "2002.03.27"]
[Round "1"]
[White "Ancheyta Tejas, Claudinelly"]
[Black "Vazquez Castro, Nadia Alejandra"]
[Result "1-0"]
[WhiteElo "2000"]
[BlackElo "1308"]
[PlyCount "59"]
[EventDate "2002.03.26"]
[EventType "swiss"]
[EventRounds "6"]
[EventCountry "MEX"]
[SourceTitle "EXT 2003"]
[Source "ChessBase"]
[SourceDate "2002.11.25"]
[SourceVersion "1"]
[SourceVersionDate "2002.11.25"]
[SourceQuality "1"]

1. e4 e6 2. d4 Nc6 3. Nf3 Nf6 4. Bd3 d5 5. e5 Ne4 6. Nbd2 f5 7. exf6 Nxf6 8. c3 Qd7 9. Ne5 Qe7 10. Ndf3 h6 11. Ng6 Qf7 12. Nxh8 Qh5 13. Bg6+ Qxg6 14. Nxg6 Bd6 15. Nfe5 Kd8 16. Qf3 Nd7 17. Nf7+ Ke8 18. 0-0 Nd8 19. Re1 Be7 20. Nxd8 Bxd8 21. Rxe6+ Be7 22. Rxe7+ Kd8 23. Qxd5 c6 24. Qg8+ Kc7 25. Bf4+ Kb6 26. Qb3+ Ka6 27. Qc4+ b5 28. Qxc6+ Nb6 29. a4 Ka5 30. Qxb5# 1-0